000 00323nam a2200121Ia 4500
008 240126s9999 xx 000 0 und d
041 _aEnglish
245 0 _aJournal of IMIS Pratibimba
260 _bInstitute of Mangement & Information Science
_aBhubaneswar
440 _aNULL
650 _aIMIS,Pratibimba
942 _cJN
999 _c263318
_d263318